000 00887nas a2200289 4500
001 BR0803261
003 BR-BrBNA
005 20231205112249.0
007 ta
008 230509b bl.|||p| |||| 00| 00por d
040 _aBR-BrBNA
_bpor
_cBiblioteca Nacional de Agricultura
041 _a(Pt)
072 _aF61
100 1 _aGonçalves, G.C.
100 1 _aGallo, L.A.
100 1 _aFavarin, J.L.
245 1 _aAssimilação do carbono por plantas de cafeeiro (Coffea arabica L. var. Obatã)crescendo a pleno sol e com sombreamento parcial
650 _aCAFÉ
650 _aABSORÇÃO DE NUTRIENTES
650 _aCARBONO
650 _aCLOROFILA
650 _aPROTEÍNA
650 _aSOMBREAMENTO
773 0 _tRevista de Agricultura (Brazil)
_xISSN 0034-7655
_g(Jun 2007), v. 82(1) p. 35-46
_wBR0803261
909 _a202311
_bLúcia
_c55
_dLúcia Elande
942 _2AGRIS
_n0
_cANA
999 _c197061
_d197061